Statistics for European Capitals With Smallest Percentage Of Countries Population

Click here to take the quiz!

General Stats

  • This quiz has been taken 48 times
  • The average score is 8 of 10

Answer Stats

%Of CountryAnswer% Correct
12Moscow
91%
5Bern
89%
5Berlin
87%
12Bucharest
87%
7Kiev
87%
8Warsaw
82%
7Rome
80%
11Sarajevo
67%
7Ankara
53%
12Bratislava
53%

Score Distribution

Percentile by Number Answered

Percent of People with Each Score

Your Score History

You have not taken this quiz